INDIAN PHARMACY REFERENCE GUIDE 2016-17 (Record no. 18484)

MARC details
000 -LEADER
fixed length control field 00249nam a22001097a 4500
003 - CONTROL NUMBER IDENTIFIER
control field SGT
082 ## - DEWEY DECIMAL CLASSIFICATION NUMBER
Item number I16N
100 ## - MAIN ENTRY--PERSONAL NAME
Personal name NEON, KONGPUSH PUB.
245 ## - TITLE STATEMENT
Title INDIAN PHARMACY REFERENCE GUIDE 2016-17
260 ## - PUBLICATION, DISTRIBUTION, ETC. (IMPRINT)
Name of publisher, distributor, etc KONGPUSH PUBLISHER
Year of Publication 2016
942 ## - ADDED ENTRY ELEMENTS (KOHA)
Source of classification or shelving scheme Dewey Decimal Classification
Koha item type Books
Holdings
Withdrawn status Lost status Source of classification or shelving scheme Damaged status Use restrictions Not for loan Collection code Home library Current library Shelving location Date acquired SGTU Full call number Accession No. (Barcode) Date last seen Bill Date Koha item type
    Dewey Decimal Classification   Restricted Access   PHARMACY SGT FA-FP Library SGT FA-FP Library Reference Book 12/07/2019 SGTU I16N FP3386 12/07/2019 12/07/2019 Books